Cognitive Behavioral Therapy: Techniques for Retraining Your Brain Series.

Why is it so hard to lose weight, stop smoking, or establish healthy habits? Why do couples argue about the same issues over and over? Why do so many people lie awake at night, stricken with worry and anxiety? Why is it so difficult to come to terms with a loved one’s death, even if it’s after a lon...

Full description

Bibliographic Details
Corporate Authors: Great Courses (Firm),$4dst, Kanopy (Firm),$4dst
Format: Video
Language:English
Language Notes:In English
Published: [San Francisco, California, USA] : The Great Courses, 2015.
Kanopy Streaming, 2016.
Subjects:
Online Access:Connect to this streaming video

MARC

Tag First Indicator Second Indicator Subfields
LEADER 00000cgm a22000004a 4500
001 in00003752012
006 m o c
007 cr una---unuuu
007 vz uzazuu
008 160825p20162015cau751 o vleng d
005 20260324180928.0
028 5 2 |a 1167951  |b Kanopy 
035 |a (OCoLC)956905894 
035 |a (CaSfKAN)kan1167951 
040 |a VDU  |b eng  |c VDU  |d UtOrBLW 
245 0 0 |a Cognitive Behavioral Therapy: Techniques for Retraining Your Brain Series. 
264 1 |b The Great Courses,  |c 2015. 
264 1 |a [San Francisco, California, USA] :  |b Kanopy Streaming,  |c 2016. 
300 |a 1 online resource (streaming video file) (752 minutes):  |b digital, .flv file, sound 
306 |a 123152 
336 |a two-dimensional moving image  |b tdi  |2 rdacontent 
337 |a computer  |b c  |2 rdamedia 
338 |a online resource  |b cr  |2 carrier 
500 |a Title from title frames. 
500 |a Film collection  
518 |a Originally produced by The Great Courses in 2015. 
520 |a Why is it so hard to lose weight, stop smoking, or establish healthy habits? Why do couples argue about the same issues over and over? Why do so many people lie awake at night, stricken with worry and anxiety? Why is it so difficult to come to terms with a loved one’s death, even if it’s after a long illness?. The answers to these questions - and the path to lasting change in your life - lie in cognitive behavioral therapy (CBT), a well-tested collection of practical techniques for managing moods and modifying undesirable behaviors through self-awareness, critical analysis, and goal-oriented change. CBT illuminates the links between thoughts, emotions, behaviors, and physical health and uses those connections to develop concrete plans for self-improvement. Built on a solid foundation of neurological and behavioral research, CBT is an approach almost anyone can use for promoting greater mental health and improving quality of life.. In 24 engaging half-hour lectures, you’ll build a robust and effective self-improvement toolkit with the expert guidance of Professor Satterfield of the University of California, San Francisco. You will explore CBT’s roots in Socratic and stoic philosophy, build a toolkit of CBT techniques, and hear about the latest research about its outcomes. Additionally, this intriguing and practical course allows you to take on the role of medical student, physician, psychologist, and patient.. Throughout the course, you’ll explore issues that cause people to seek out therapy. In some cases, you’ll get to watch Dr. Satterfield working with a patient, and in others, you’ll be delving into the research to see what causes these issues and how CBT helps to resolve them.. Everyone has something about their life that they would like to improve. With the tools in Cognitive Behavioral Therapy and the desire to make your situation better, you can create lasting change in your life..  
538 |a Mode of access: World Wide Web. 
546 |a In English 
500 |a Electronic resource. 
650 0 |a Mental health.  |0 http://id.loc.gov/authorities/subjects/sh85083615 
655 7 |a Internet videos.  |2 lcgft  |0 http://id.loc.gov/authorities/genreForms/gf2011026337 
655 7 |a Educational films.  |2 lcgft  |0 http://id.loc.gov/authorities/genreForms/gf2011026219 
710 2 |a Great Courses (Firm),$4dst. 
710 2 |a Kanopy (Firm),$4dst. 
856 4 0 |u http://proxy.library.tamu.edu/login?url=https://texasam.kanopystreaming.com/node/167952  |z Connect to this streaming video  |t 0 
999 f f |s 245d6f9d-e945-3680-a10b-737748698b94  |i e588adb3-8a74-3e8e-ac0a-41bb38d9b150  |t 0 
952 f f |a Texas A&M University  |b College Station  |c Electronic Resources  |s www_evans  |d Available Online  |t 0  |h No information provided 
998 f f |t 0  |l Available Online